| 000 | 00834nam a22002177a 4500 | ||
|---|---|---|---|
| 999 |
_c178338 _d178338 |
||
| 005 | 20210325114457.0 | ||
| 010 | _aENG-129314 | ||
| 020 |
_a978-93-5388-254-9 _c1545.00 |
||
| 035 | _aEN-112846 | ||
| 037 | _bDBAD/PUB | ||
| 082 | _a378.155 | ||
| 245 |
_aTrends and Issues in Doctoral Education: a global perspective _cEdited by Maria Yudkevich, Philip G. Altbach and Hans de Wit |
||
| 260 |
_aNew Delhi _bSage Publication India _c2020 |
||
| 270 |
_aB1/1-1 Mohan Cooperative Industrial Area Mathura Road _bNew Delhi _e110044 |
||
| 300 |
_axviii+506p. _c23cm(hbk) _bIncluding Tables, Bibliographical references and Index. |
||
| 490 | _aSage Studies in Higher Education | ||
| 700 | _a Yudkevich, Maria, Ed. | ||
| 700 | _aAltbach, Philip G., Ed. | ||
| 700 | _ade Wit, Hans, Ed. | ||
| 942 |
_2ddc _cEN _h378.155 _mTRE |
||